[Event "Junior Online 4NCL Division 4"]
[Site "online"]
[Date "2022.01.20"]
[EventDate "2022.01.20"]
[Round "1.66"]
[White "Phillips, Thomas"]
[WhiteElo "944"]
[WhiteTeam "Brentwood School C"]
[Black "Pirandola, Matteo"]
[BlackElo "900"]
[BlackTeam "York Chessnuts Knights"]
[Result "0-1"]
[PlyCount "114"]

1. e4 e5 2. Nf3 Nc6 3. Bc4 Bc5 4. d3 Nf6 5. Nc3 d6 6. O-O Bg4 7. h3 Bxf3 8. Qxf3 Qd7 9. Nd5 Nxd5 10. Bxd5 Nd4 11. Qd1 c6 12. Bc4 O-O 13. Be3 d5 14. exd5 cxd5 15. Bxd4 Bxd4 16. c3 Bxf2+ 17. Rxf2 dxc4 18. d4 exd4 19. Qxd4 Qxd4 20. cxd4 Rad8 21. Rf4 b5 22. Rd1 Rd5 23. g4 Rfd8 24. Kf2 b4 25. b3 c3 26. Ke3 f6 27. h4 h6 28. h5 Kf7 29. Rf5 Ke6 30. Rxd5 Kxd5 31. Kf4 c2 32. Rc1 Rc8 33. Ke3 Rc3+ 34. Kd2 Kxd4 35. Rxc2 Rxc2+ 36. Kxc2 a5 37. Kd2 Ke4 38. Ke2 Kf4 39. Kd3 Kxg4 40. Ke4 f5+ 41. Ke5 f4 42. Ke4 Kg3 43. Kd3 f3 44. Kd2 Kg2 45. Ke1 f2+ 46. Kd2 f1=Q 47. Ke3 Qb1 48. Kf4 Qxa2 49. Ke5 Qxb3 50. Kf5 a4 51. Kg6 a3 52. Kxg7 Qe6 53. Kh7 a2 54. Kg7 a1=Q+ 55. Kh7 Qa8 56. Kg7 Qa7+ 57. Kf8 Qc8# 0-1

[Event "Junior Online 4NCL Division 4"]
[Site "online"]
[Date "2022.01.20"]
[EventDate "2022.01.20"]
[Round "1.67"]
[White "Taylor, Kai"]
[WhiteElo "936"]
[WhiteTeam "York Chessnuts Knights"]
[Black "Edinburgh, Christian"]
[BlackElo "834"]
[BlackTeam "Brentwood School C"]
[Result "0-1"]
[PlyCount "116"]

1. f4 Nc6 2. Nf3 Nf6 3. c3 e5 4. g3 exf4 5. gxf4 Bc5 6. d3 Ng4 7. d4 Bd6 8. h3 Nf6 9. e3 Ne4 10. Bd3 f5 11. Rg1 O-O 12. Qc2 Re8 13. Bc4+ Kh8 14. Nbd2 Nxd2 15. Bxd2 Bxf4 16. Qxf5 g6 17. Qxf4 Rf8 18. Qh6 Rxf3 19. O-O-O Ne7 20. h4 Qf8 21. Qxf8+ Rxf8 22. e4 d6 23. h5 gxh5 24. Bg5 Ng6 25. Bh6 Bg4 26. Rde1 Rf2 27. Be3 Rff8 28. d5 Nf4 29. Bd4+ Kg8 30. Ref1 Rae8 31. Bxa7 b6 32. Bxb6 cxb6 33. Bb5 Rxe4 34. Kc2 Nxd5 35. Bd3 Rxf1 36. Rxf1 Ne3+ 37. Kc1 Nxf1 38. Bxe4 Bd7 39. Bd5+ Kf8 40. Kd1 h4 41. Ke1 Ne3 42. Be4 h3 43. Bxh7 d5 44. Kf2 Kg7 45. Bd3 Ng4+ 46. Kg1 Bc6 47. Bf5 h2+ 48. Kg2 d4+ 49. Kg3 h1=Q 50. Bxg4 d3 51. c4 d2 52. b4 Bd7 53. Bxd7 d1=Q 54. Bg4 Qdf1 55. c5 Qhg1+ 56. Kh4 Qfg2 57. Bd7 Q1h1+ 58. Bh3 Qhxh3# 0-1

[Event "Junior Online 4NCL Division 4"]
[Site "online"]
[Date "2022.01.20"]
[EventDate "2022.01.20"]
[Round "1.68"]
[White "Measday, Austin"]
[WhiteElo "837"]
[WhiteTeam "Brentwood School C"]
[Black "Pitel, Benedikt"]
[BlackElo "963"]
[BlackTeam "York Chessnuts Knights"]
[Result "0-1"]
[PlyCount "50"]

1. e4 c6 2. Bc4 d5 3. Bb3 e5 4. c4 d4 5. d3 Nf6 6. c5 Bxc5 7. Nf3 Qc7 8. Ng5 O-O 9. Qf3 Bg4 10. Qg3 h6 11. h3 Bh5 12. Bxf7+ Bxf7 13. Nxf7 Rxf7 14. O-O Nbd7 15. Nd2 Nh5 16. Qh4 Ndf6 17. f4 Nxf4 18. g3 Ng6 19. g4 Nxh4 20. g5 Nh5 21. Rxf7 Qxf7 22. b3 Nf4 23. Bb2 Ne2+ 24. Kh2 Qf2+ 25. Kh1 Qg2# 0-1

[Event "Junior Online 4NCL Division 4"]
[Site "online"]
[Date "2022.01.20"]
[EventDate "2022.01.20"]
[Round "1.71"]
[White "Matthews-Asensio, Tomas"]
[WhiteElo "1199"]
[WhiteTeam "Robin Hoods 2"]
[Black "Peverett, Kian"]
[BlackElo "1025"]
[BlackTeam "Surrey Kings 3"]
[Result "0-1"]
[PlyCount "96"]

1. d4 d5 2. Nc3 e6 3. Bf4 c5 4. Nf3 Nf6 5. e3 Nc6 6. Nb5 Ke7 7. Bd6+ Kd7 8. dxc5 Bxd6 9. cxd6 a6 10. Nc3 Kxd6 11. Bd3 Re8 12. Ng5 Ke7 13. O-O Kf8 14. Qf3 h6 15. Nh7+ Nxh7 16. Bxh7 g6 17. Bxg6 Re7 18. Bh5 Ke8 19. Na4 b5 20. Nc5 Qb6 21. Nb3 Bb7 22. Rfe1 Kd7 23. Rad1 Rf8 24. Nd4 Nxd4 25. exd4 a5 26. c3 Ba6 27. Qg4 b4 28. Qg7 Qb8 29. Qxh6 Rh8 30. Qg5 bxc3 31. bxc3 Qb2 32. Re2 Bxe2 33. Bxe2 Qxe2 34. Qc1 Qh5 35. Qb1 Qxh2+ 36. Kf1 Qb8 37. Qc2 f6 38. Qa4+ Kd8 39. Qxa5+ Qc7 40. Qa8+ Qc8 41. Qa5+ Rc7 42. Rb1 Rh1+ 43. Ke2 Rxb1 44. Qa3 Rxc3 45. Qf8+ Kd7 46. Qf7+ Kd6 47. Qa7 Rb2+ 48. Kd1 Rc1# 0-1

[Event "Junior Online 4NCL Division 4"]
[Site "online"]
[Date "2022.01.20"]
[EventDate "2022.01.20"]
[Round "1.72"]
[White "Josse, Jack"]
[WhiteElo "1106"]
[WhiteTeam "Surrey Kings 3"]
[Black "Krasnov, Maksim"]
[BlackElo "1219"]
[BlackTeam "Robin Hoods 2"]
[Result "1-0"]
[PlyCount "97"]

1. e4 e5 2. Nf3 Nc6 3. Bc4 Bc5 4. Nc3 Nf6 5. d3 d6 6. Bg5 h6 7. Bh4 g5 8. Bg3 Bd7 9. O-O Nh5 10. Bxe5 dxe5 11. d4 exd4 12. Nd5 Be6 13. Nxd4 Bxd4 14. c3 Bf6 15. Qxh5 Bxd5 16. exd5 Na5 17. d6 Nxc4 18. Rae1+ Kf8 19. Rd1 cxd6 20. b3 Nb6 21. c4 Qd7 22. c5 Nc8 23. Qf3 Qc6 24. Qxf6 Rg8 25. Qxh6+ Ke8 26. cxd6 Ne7 27. Rfe1 Rg6 28. Qh8+ Rg8 29. Qe5 Qd7 30. Rd5 Rg6 31. Qh8+ Rg8 32. Rxe7+ Qxe7 33. Qxg8+ Qf8 34. Re5+ Kd7 35. Qxg5 Qxd6 36. Qg4+ Kc7 37. Qc4+ Kd7 38. Qxf7+ Kc6 39. Qf3+ Kb6 40. Qe3+ Ka6 41. Qe2+ Kb6 42. Rb5+ Kc7 43. Qc4+ Kd7 44. Rxb7+ Ke8 45. Qg8+ Qf8 46. Qg6+ Kd8 47. Qg5+ Ke8 48. Qe5+ Kd8 49. Qd5+ 1-0

[Event "Junior Online 4NCL Division 4"]
[Site "online"]
[Date "2022.01.20"]
[EventDate "2022.01.20"]
[Round "1.73"]
[White "Tomsett, Jonah"]
[WhiteElo "1240"]
[WhiteTeam "Robin Hoods 2"]
[Black "Oâ€™Sullivan, Jack"]
[BlackElo "978"]
[BlackTeam "Surrey Kings 3"]
[Result "1-0"]
[PlyCount "151"]

1. e4 e6 2. Nc3 d5 3. d3 Bb4 4. Qe2 c5 5. exd5 Nf6 6. Bd2 O-O 7. Nf3 exd5 8. Qe5 Re8 9. Qxe8+ Qxe8+ 10. Kd1 Bg4 11. h3 Bh5 12. a3 Ba5 13. b4 cxb4 14. axb4 Bxb4 15. g4 Bg6 16. Nh4 d4 17. Ne2 Bxd2 18. Kxd2 Nc6 19. Nxg6 hxg6 20. Bg2 Qd7 21. g5 a6 22. gxf6 gxf6 23. Rab1 b5 24. Bxc6 Qxc6 25. Nxd4 Qg2 26. Rbf1 Rd8 27. Ne2 b4 28. h4 a5 29. Rhg1 Qh3 30. Ra1 Ra8 31. Rh1 Qg4 32. Rag1 Qh5 33. Nf4 Qh6 34. Ke3 Re8+ 35. Kf3 f5 36. Kg3 a4 37. Nxg6 fxg6 38. Kh3 Kh7 39. f3 a3 40. d4 Re3 41. Kh2 Qxh4+ 42. Kg2 Re2+ 43. Kf1 Qxh1 44. Rxh1+ Kg7 45. Kxe2 a2 46. d5 Kf6 47. d6 Ke6 48. Rd1 Kd7 49. Kf2 g5 50. Kg3 a1=Q 51. Rxa1 Kxd6 52. f4 g4 53. Rb1 Kc5 54. Kh4 Kc4 55. Kg5 Kc3 56. Kxf5 g3 57. Rg1 Kxc2 58. Rxg3 b3 59. Rxb3 Kxb3 60. Ke4 Kc4 61. f5 Kc5 62. Ke5 Kc6 63. Ke6 Kc7 64. Ke7 Kc6 65. f6 Kd5 66. f7 Ke5 67. f8=Q Kd5 68. Qc8 Kd4 69. Ke6 Ke4 70. Qc4+ Ke3 71. Kf5 Kd2 72. Qb3 Kc1 73. Qa2 Kd1 74. Ke4 Kc1 75. Kd3 Kd1 76. Qd2# 1-0

[Event "Junior Online 4NCL Division 4"]
[Site "online"]
[Date "2022.01.20"]
[EventDate "2022.01.20"]
[Round "1.74"]
[White "Goldhawk, Harrison"]
[WhiteElo "938"]
[WhiteTeam "Surrey Kings 3"]
[Black "Handa, Yash"]
[BlackElo "1099"]
[BlackTeam "Robin Hoods 2"]
[Result "0-1"]
[PlyCount "86"]

1. e4 e5 2. Nf3 Nc6 3. Nc3 Bc5 4. Bc4 Nf6 5. d3 h6 6. g4 Nxg4 7. Rg1 Bxf2+ 8. Kf1 Bxg1 9. Nxg1 Nxh2+ 10. Kg2 Qh4 11. Nf3 Qg4+ 12. Kxh2 d6 13. Ng1 Qh4+ 14. Nh3 Qxh3+ 15. Kg1 Bg4 16. Qf1 Qg3+ 17. Qg2 Qh4 18. Qf2 Qh5 19. Qxf7+ Qxf7 20. Bxf7+ Kxf7 21. Be3 h5 22. Rf1+ Ke8 23. Bg5 Nd4 24. Nd5 Rc8 25. Ne7 Nf3+ 26. Kg2 Nxg5 27. Nxc8 Bxc8 28. Rg1 Bh3+ 29. Kh2 Nf3+ 30. Kxh3 Nxg1+ 31. Kg2 Ne2 32. Kf2 Nc1 33. Ke1 h4 34. Kd1 h3 35. Kxc1 h2 36. Kd2 h1=Q 37. Kc3 Qa1 38. Kb3 Qe1 39. a3 Qa5 40. Ka2 Qc5 41. b3 Qxc2+ 42. Ka1 Qxb3 43. d4 Rh1# 0-1

[Event "Junior Online 4NCL Division 4"]
[Site "online"]
[Date "2022.01.20"]
[EventDate "2022.01.20"]
[Round "1.75"]
[White "Peverett, Kian"]
[WhiteElo "1025"]
[WhiteTeam "Surrey Kings 3"]
[Black "Matthews-Asensio, Tomas"]
[BlackElo "1199"]
[BlackTeam "Robin Hoods 2"]
[Result "0-1"]
[PlyCount "52"]

1. e4 d5 2. exd5 Qxd5 3. Nc3 Qd8 4. d4 Nf6 5. Bc4 Nbd7 6. Nf3 e6 7. O-O Be7 8. Re1 Nb6 9. Bb3 O-O 10. h3 Nbd5 11. Ne5 Bd6 12. Nxd5 Nxd5 13. Qg4 Nf6 14. Qg3 Ne4 15. Rxe4 Bxe5 16. Qxe5 Kh8 17. Bh6 f6 18. Bxg7+ Kxg7 19. Rg4+ Kh8 20. Qh5 Rg8 21. Rh4 Rg7 22. Re1 Qe7 23. Re3 Bd7 24. Rg3 Rag8 25. Rxg7 Qxg7 26. d5 Qxg2# 0-1

[Event "Junior Online 4NCL Division 4"]
[Site "online"]
[Date "2022.01.20"]
[EventDate "2022.01.20"]
[Round "1.77"]
[White "Oâ€™Sullivan, Jack"]
[WhiteElo "978"]
[WhiteTeam "Surrey Kings 3"]
[Black "Tomsett, Jonah"]
[BlackElo "1240"]
[BlackTeam "Robin Hoods 2"]
[Result "1-0"]
[PlyCount "53"]

1. e4 e5 2. Nf3 Nc6 3. Bb5 Nf6 4. d3 a6 5. Ba4 b5 6. Bb3 d6 7. c3 a5 8. Be3 a4 9. Bc2 Be7 10. Nbd2 O-O 11. Nf1 Bg4 12. Ng3 h6 13. h3 Bxf3 14. Qxf3 d5 15. O-O-O d4 16. cxd4 exd4 17. Bf4 Bd6 18. Bxd6 Qxd6 19. Nf5 Qd8 20. g4 Ne5 21. Qf4 Ned7 22. h4 b4 23. g5 hxg5 24. hxg5 Ne8 25. Qh4 f6 26. g6 Ne5 27. Qh7# 1-0

[Event "Junior Online 4NCL Division 4"]
[Site "online"]
[Date "2022.01.20"]
[EventDate "2022.01.20"]
[Round "1.78"]
[White "Handa, Yash"]
[WhiteElo "1099"]
[WhiteTeam "Robin Hoods 2"]
[Black "Goldhawk, Harrison"]
[BlackElo "938"]
[BlackTeam "Surrey Kings 3"]
[Result "1-0"]
[PlyCount "61"]

1. e4 e5 2. Nf3 Nf6 3. Bc4 Nc6 4. Ng5 d6 5. Nxf7 Qd7 6. Nxh8 Nxe4 7. Qh5+ Kd8 8. Nf7+ Ke8 9. Nxe5+ Ke7 10. Nxd7 Bxd7 11. Qh4+ Nf6 12. O-O g6 13. Re1+ Ne5 14. Nc3 Be6 15. Bxe6 Kxe6 16. Nb5 Rc8 17. Qh3+ Ng4 18. Qxg4+ Ke7 19. Qxc8 Bh6 20. Qxc7+ Kf6 21. Qxd6+ Kf5 22. Qxe5+ Kg4 23. Qg3+ Kh5 24. Re5+ g5 25. Qh3+ Kg6 26. Re6+ Kg7 27. Qxh6+ Kf7 28. Qf6+ Kg8 29. Qd8+ Kg7 30. Qd7+ Kf8 31. Re8# 1-0

[Event "Junior Online 4NCL Division 4"]
[Site "online"]
[Date "2022.01.20"]
[EventDate "2022.01.20"]
[Round "1.81"]
[White "Pan, Ailun"]
[WhiteElo "1220"]
[WhiteTeam "London Dragons Dysprosium"]
[Black "Ogilvie, Leo"]
[BlackElo "1450"]
[BlackTeam "Manchester Check Mates"]
[Result "1-0"]
[PlyCount "75"]

1. e4 e5 2. Nf3 Nc6 3. Bc4 Nf6 4. Nc3 d5 5. exd5 Nxd5 6. Nxd5 e4 7. Nh4 Qxh4 8. O-O Be6 9. Nxc7+ Kd8 10. Nxa8 Bxc4 11. d3 exd3 12. cxd3 Bb5 13. Be3 b6 14. Qc1 Bxd3 15. Bg5+ Qxg5 16. Qxg5+ f6 17. Qc1 Bxf1 18. Qxf1 Bc5 19. Rd1+ Ke7 20. Qe2+ Kf7 21. Nc7 Rc8 22. Nd5 g6 23. h4 h5 24. a3 g5 25. hxg5 fxg5 26. Qxh5+ Ke6 27. Qxg5 Kd7 28. Nxb6+ Kc7 29. Nd5+ Kb7 30. Qg7+ Ne7 31. b4 Rd8 32. bxc5 Rg8 33. Qxe7+ Kc6 34. a4 Rc8 35. a5 a6 36. Qd6+ Kb5 37. Qb6+ Kc4 38. Qb4# 1-0

[Event "Junior Online 4NCL Division 4"]
[Site "online"]
[Date "2022.01.20"]
[EventDate "2022.01.20"]
[Round "1.82"]
[White "Al-azami, Hana"]
[WhiteElo "1400"]
[WhiteTeam "Manchester Check Mates"]
[Black "Song, Ruien"]
[BlackElo "1230"]
[BlackTeam "London Dragons Dysprosium"]
[Result "0-1"]
[PlyCount "76"]

1. e4 e5 2. Nf3 Nc6 3. Nc3 Nf6 4. Bc4 h6 5. d3 d6 6. O-O Bg4 7. Be3 Be7 8. Qd2 Qd7 9. Rad1 Bxf3 10. gxf3 Qh3 11. Kh1 Nh5 12. Rg1 Qxf3+ 13. Rg2 Nd4 14. Bxd4 exd4 15. Nd5 Bg5 16. Qe1 Rc8 17. Kg1 c6 18. Nb4 a5 19. Rg3 Nxg3 20. hxg3 axb4 21. Rb1 b5 22. Bb3 c5 23. c4 O-O 24. cxb5 Rb8 25. Ba4 Ra8 26. b3 Qxd3 27. b6 Rfb8 28. Qd1 Qxe4 29. f3 Be3+ 30. Kg2 Qg6 31. Bc6 Ra6 32. b7 Rxc6 33. Kh3 Rxb7 34. Ra1 d3 35. Kg2 Bf4 36. Kf2 Qxg3+ 37. Kf1 Be3 38. a4 Qg1# 0-1

[Event "Junior Online 4NCL Division 4"]
[Site "online"]
[Date "2022.01.20"]
[EventDate "2022.01.20"]
[Round "1.84"]
[White "Praveen, Anwitha"]
[WhiteElo "1000"]
[WhiteTeam "Manchester Check Mates"]
[Black "Bogerd, Ethan"]
[BlackElo "1153"]
[BlackTeam "London Dragons Dysprosium"]
[Result "0-1"]
[PlyCount "52"]

1. e4 c6 2. Nf3 d5 3. d3 dxe4 4. dxe4 Qxd1+ 5. Kxd1 Nf6 6. Nc3 Be6 7. Bd3 Nbd7 8. Re1 g6 9. Ke2 Bg7 10. Kf1 O-O 11. Be3 c5 12. b3 a6 13. Rab1 b5 14. Ne2 c4 15. bxc4 bxc4 16. Bxc4 Bxc4 17. Red1 Bxe2+ 18. Kxe2 Rad8 19. Kf1 Nxe4 20. Bd4 Bxd4 21. Rxd4 Nc3 22. Rb2 Nb5 23. Rd3 Nc5 24. Rxd8 Rxd8 25. c4 Nc3 26. Ne5 Rd1# 0-1

[Event "Junior Online 4NCL Division 4"]
[Site "online"]
[Date "2022.01.20"]
[EventDate "2022.01.20"]
[Round "1.85"]
[White "Ogilvie, Leo"]
[WhiteElo "1450"]
[WhiteTeam "Manchester Check Mates"]
[Black "Pan, Ailun"]
[BlackElo "1220"]
[BlackTeam "London Dragons Dysprosium"]
[Result "0-1"]
[PlyCount "110"]

1. e4 e5 2. Nf3 Nc6 3. Bb5 a6 4. Bxc6 bxc6 5. O-O Nf6 6. d3 Bc5 7. Bg5 h6 8. Bxf6 Qxf6 9. c3 d6 10. d4 exd4 11. cxd4 Bb6 12. e5 dxe5 13. dxe5 Qg6 14. Re1 Bh3 15. Nh4 O-O 16. Nxg6 Rfd8 17. gxh3 Rxd1 18. Rxd1 fxg6 19. Nc3 Re8 20. Re1 Rf8 21. e6 Bxf2+ 22. Kf1 Bxe1+ 23. Kxe1 Re8 24. Rd1 Rxe6+ 25. Ne2 c5 26. Rd8+ Kh7 27. Rc8 c6 28. Ra8 c4 29. Rxa6 g5 30. Kd2 h5 31. Nd4 Re4 32. Kc3 Rh4 33. Kxc4 Rxh3 34. b4 Rxh2 35. Nxc6 g4 36. b5 h4 37. b6 Rb2 38. Kc3 Rb1 39. Kc2 Rb5 40. Ne5 Rxe5 41. b7 Rb5 42. Ra7 h3 43. Ra8 Rxb7 44. Ra7 Rxa7 45. Kd2 h2 46. Ke3 h1=Q 47. Kf4 Qf1+ 48. Kxg4 Qg1+ 49. Kf5 Qe1 50. a3 Rxa3 51. Kg5 Rf3 52. Kg4 Rf6 53. Kg5 Rf2 54. Kg4 Qg1+ 55. Kh3 Rh2# 0-1

[Event "Junior Online 4NCL Division 4"]
[Site "online"]
[Date "2022.01.20"]
[EventDate "2022.01.20"]
[Round "1.86"]
[White "Song, Ruien"]
[WhiteElo "1230"]
[WhiteTeam "London Dragons Dysprosium"]
[Black "Al-azami, Hana"]
[BlackElo "1400"]
[BlackTeam "Manchester Check Mates"]
[Result "1-0"]
[PlyCount "49"]

1. e4 e5 2. Bc4 Nf6 3. Nc3 Nc6 4. Nf3 Bc5 5. Ng5 O-O 6. d3 d6 7. Nd5 Ng4 8. Be3 Nb4 9. Bxc5 dxc5 10. a3 Nxd5 11. Bxd5 Qxg5 12. h4 Qf6 13. f3 Ne3 14. Qe2 Nxd5 15. exd5 Qxh4+ 16. Rxh4 Rd8 17. Qxe5 f6 18. Qh5 g6 19. Qxh7+ Kf8 20. Qh8+ Ke7 21. Rh7+ Kd6 22. Qxd8+ Ke5 23. Qe7+ Kxd5 24. c4+ Kd4 25. Qe4# 1-0

[Event "Junior Online 4NCL Division 4"]
[Site "online"]
[Date "2022.01.20"]
[EventDate "2022.01.20"]
[Round "1.88"]
[White "Bogerd, Ethan"]
[WhiteElo "1153"]
[WhiteTeam "London Dragons Dysprosium"]
[Black "Praveen, Anwitha"]
[BlackElo "1000"]
[BlackTeam "Manchester Check Mates"]
[Result "1-0"]
[PlyCount "83"]

1. d4 d5 2. Nf3 Nf6 3. Bf4 Bf5 4. Nbd2 Nbd7 5. c3 e6 6. e3 c5 7. dxc5 Nxc5 8. Ne5 h6 9. h4 g5 10. hxg5 hxg5 11. Rxh8 gxf4 12. exf4 Qe7 13. Qe2 Nh5 14. Qxh5 O-O-O 15. O-O-O Bg6 16. Nxg6 fxg6 17. Qxg6 e5 18. Qf5+ Nd7 19. fxe5 Qxe5 20. Qxe5 Nxe5 21. f4 Ng6 22. Rh1 Re8 23. Bd3 b5 24. Bxg6 Rd8 25. Bf5+ Kb7 26. b3 a5 27. a4 b4 28. cxb4 axb4 29. Nf3 Kb6 30. Ne5 Kc5 31. Nd3+ Kd4 32. Nxb4+ Kc3 33. Nxd5+ Kxb3 34. a5 Rxd5 35. Rxd5 Ka4 36. a6 Be7 37. a7 Kb4 38. a8=Q Kc3 39. Rh3+ Kc4 40. Qc6+ Kb4 41. Rb5+ Ka4 42. Bc2# 1-0

[Event "Junior Online 4NCL Division 4"]
[Site "online"]
[Date "2022.01.20"]
[EventDate "2022.01.20"]
[Round "1.91"]
[White "Hollands, Sam"]
[WhiteElo "1180"]
[WhiteTeam "Shropshire Juniors"]
[Black "Liu, Reuben"]
[BlackElo "961"]
[BlackTeam "Surrey Kings 4"]
[Result "1-0"]
[PlyCount "111"]

1. c4 e5 2. Nc3 Nc6 3. g3 Nf6 4. Bg2 Bc5 5. d3 d6 6. a3 O-O 7. b4 Bb6 8. b5 Ba5 9. Bd2 Nd4 10. Nf3 Nxf3+ 11. Bxf3 Bh3 12. Bxb7 Rb8 13. Bf3 h6 14. e4 Rb6 15. Na4 Bxd2+ 16. Qxd2 Rb8 17. Be2 Ng4 18. Rg1 Nxf2 19. Kxf2 Qf6+ 20. Ke1 Qe6 21. d4 Rfd8 22. d5 Qg6 23. Bd3 Bg4 24. Rf1 Qh5 25. Nc3 Rb6 26. a4 a5 27. Nd1 Bh3 28. Rf2 Rc8 29. Qxa5 Rcb8 30. Qd2 c6 31. a5 R6b7 32. a6 Ra7 33. Qe3 c5 34. Rb2 g5 35. b6 Rd7 36. a7 Ra8 37. b7 Rf8 38. b8=Q Rxb8 39. axb8=Q+ Kg7 40. Ra7 Rxa7 41. Qxa7 Bg4 42. Rd2 Bxd1 43. Rxd1 Qg6 44. Qf3 g4 45. Qf2 h5 46. Kd2 Qg5+ 47. Kc3 Qg6 48. Rf1 Kh6 49. Qe3+ Kg7 50. Rxf7+ Qxf7 51. Qg5+ Kf8 52. Qd8+ Qe8 53. Qxd6+ Kg8 54. Qae7 Qa8 55. Qg6+ Kh8 56. Qeh7# 1-0

[Event "Junior Online 4NCL Division 4"]
[Site "online"]
[Date "2022.01.20"]
[EventDate "2022.01.20"]
[Round "1.92"]
[White "Flanders, William"]
[WhiteElo "835"]
[WhiteTeam "Surrey Kings 4"]
[Black "Wilson, Thomas"]
[BlackElo "944"]
[BlackTeam "Shropshire Juniors"]
[Result "0-1"]
[PlyCount "144"]

1. e4 Nc6 2. Nf3 d6 3. Bc4 Be6 4. Bxe6 fxe6 5. Nh4 Nf6 6. Nc3 Qd7 7. d3 O-O-O 8. Bg5 d5 9. exd5 Nxd5 10. Nxd5 Qxd5 11. O-O Qxg5 12. Nf3 Qd5 13. c4 Qd7 14. Qb3 Nd4 15. Nxd4 Qxd4 16. Rfd1 g6 17. c5 Qxc5 18. Qxe6+ Kb8 19. d4 Rxd4 20. Qf7 b6 21. Qe8+ Kb7 22. Rac1 Rxd1+ 23. Rxd1 Bg7 24. Qf7 Bd4 25. Qf3+ c6 26. a3 Bxb2 27. Qh3 Qf5 28. Rd7+ Kc8 29. Qxf5 gxf5 30. Rxe7 Bxa3 31. Rxa7 Bc5 32. Ra2 Rd8 33. h3 Rd1+ 34. Kh2 Bd6+ 35. g3 f4 36. gxf4 Bxf4+ 37. Kg2 Rd2 38. Ra6 Kb7 39. Ra4 b5 40. Rxf4 Rd7 41. h4 c5 42. Rf5 Rc7 43. Rf3 Rg7+ 44. Kh3 b4 45. Rf5 Kb6 46. f3 Kb5 47. Re5 Rf7 48. Kg4 Rg7+ 49. Kf4 Rf7+ 50. Ke3 b3 51. Kd2 Rxf3 52. Re7 Rf2+ 53. Re2 Rxe2+ 54. Kxe2 Kb4 55. Kd2 Ka3 56. Kc1 b2+ 57. Kb1 c4 58. h5 c3 59. h6 c2+ 60. Kxc2 Ka2 61. Kd3 b1=Q+ 62. Kd4 Qd1+ 63. Ke5 Kb3 64. Kf6 Qd4+ 65. Kf7 Qd7+ 66. Kf6 Kc4 67. Kg5 Qf7 68. Kh4 Qg6 69. Kh3 Kd4 70. Kh4 Ke4 71. Kh3 Kf4 72. Kh4 Qg4# 0-1

[Event "Junior Online 4NCL Division 4"]
[Site "online"]
[Date "2022.01.20"]
[EventDate "2022.01.20"]
[Round "1.93"]
[White "Eden, George"]
[WhiteElo "900"]
[WhiteTeam "Shropshire Juniors"]
[Black "Edwards, Zachary"]
[BlackElo "882"]
[BlackTeam "Surrey Kings 4"]
[Result "0-1"]
[PlyCount "44"]

1. Nc3 e5 2. e4 Nf6 3. Bb5 Bc5 4. Nf3 Qe7 5. d3 a6 6. Ba4 b5 7. Bb3 Nc6 8. Bd5 Nxd5 9. Nxd5 Qd6 10. Nc3 Nd4 11. O-O O-O 12. Ng5 Ne6 13. Qg4 Nxg5 14. Qxg5 Qd4 15. Ne2 Qa4 16. b3 Qb4 17. Qxe5 d6 18. Qd5 Be6 19. Qc6 Rfc8 20. Bd2 Qxd2 21. Nc1 Qxc2 22. Rd1 Qxd1# 0-1

[Event "Junior Online 4NCL Division 4"]
[Site "online"]
[Date "2022.01.20"]
[EventDate "2022.01.20"]
[Round "1.94"]
[White "Fairrie, Ralph"]
[WhiteElo "866"]
[WhiteTeam "Surrey Kings 4"]
[Black "Eden, Ava"]
[BlackElo "800"]
[BlackTeam "Shropshire Juniors"]
[Result "1-0"]
[PlyCount "61"]

1. e4 f6 2. Nf3 d6 3. Bc4 Nh6 4. d4 Ng4 5. Nc3 Nc6 6. Bf4 Nb4 7. a3 e5 8. dxe5 fxe5 9. Bg5 Qd7 10. Qd2 Be7 11. Bxe7 Qxe7 12. axb4 Rf8 13. Ng5 b6 14. f3 h6 15. Nh7 Rh8 16. fxg4 Rxh7 17. Bd3 Qg5 18. Qf2 Qxg4 19. h3 Qg6 20. Nd5 c6 21. Nc7+ Kd7 22. Nxa8 Rh8 23. Rxa7+ Ke6 24. Nxb6 c5 25. bxc5 dxc5 26. Bc4+ Kd6 27. Nxc8+ Rxc8 28. O-O Qxe4 29. Rd1+ Kc6 30. Rda1 g5 31. R1a6# 1-0

[Event "Junior Online 4NCL Division 4"]
[Site "online"]
[Date "2022.01.20"]
[EventDate "2022.01.20"]
[Round "1.95"]
[White "Liu, Reuben"]
[WhiteElo "961"]
[WhiteTeam "Surrey Kings 4"]
[Black "Hollands, Sam"]
[BlackElo "1180"]
[BlackTeam "Shropshire Juniors"]
[Result "0-1"]
[PlyCount "102"]

1. e4 c5 2. Nf3 d6 3. d4 cxd4 4. Nxd4 e6 5. Nc3 a6 6. Be3 Nf6 7. f3 Nbd7 8. Bd3 Be7 9. Qd2 O-O 10. O-O-O b5 11. Nc6 Qe8 12. Nxe7+ Qxe7 13. g4 Bb7 14. h4 Ne5 15. Be2 Rfd8 16. g5 Nh5 17. f4 Ng6 18. Bxh5 Nf8 19. Bg4 f5 20. exf5 Bxh1 21. Rxh1 exf5 22. Nd5 Qe4 23. Rg1 fxg4 24. Nc7 Rac8 25. Nxa6 Rxc2+ 26. Qxc2 Qxe3+ 27. Kb1 Qxg1+ 28. Qc1 Qxc1+ 29. Kxc1 d5 30. Kb1 d4 31. Nc7 d3 32. Nxb5 d2 33. Nc3 Rd3 34. Nd1 g3 35. Kc2 Rd8 36. a4 g2 37. a5 g1=Q 38. a6 Qxd1+ 39. Kxd1 Nd7 40. a7 Nb6 41. b4 Kf7 42. f5 g6 43. fxg6+ Kxg6 44. b5 Kh5 45. g6 hxg6 46. a8=Q Nxa8 47. b6 Nxb6 48. Kc2 d1=Q+ 49. Kc3 Rc8+ 50. Kb4 Qb1+ 51. Ka5 Ra8# 0-1

[Event "Junior Online 4NCL Division 4"]
[Site "online"]
[Date "2022.01.20"]
[EventDate "2022.01.20"]
[Round "1.96"]
[White "Wilson, Thomas"]
[WhiteElo "944"]
[WhiteTeam "Shropshire Juniors"]
[Black "Flanders, William"]
[BlackElo "835"]
[BlackTeam "Surrey Kings 4"]
[Result "1-0"]
[PlyCount "83"]

1. e4 e5 2. Nf3 Nc6 3. Bc4 Bc5 4. Nc3 Nf6 5. O-O Ng4 6. d3 Nd4 7. Nxe5 Nxe5 8. Bb3 Nxb3 9. axb3 Ng4 10. Qxg4 d6 11. Qxg7 Rf8 12. d4 Bb6 13. Na4 f6 14. Nxb6 axb6 15. Bh6 Rxa1 16. Qxf8+ Kd7 17. Rxa1 Qxf8 18. Bxf8 Ke8 19. Ra8 Kxf8 20. Rxc8+ Kf7 21. Rxc7+ Kg6 22. Rxb7 f5 23. exf5+ Kxf5 24. Rxb6 Ke6 25. c4 h6 26. d5+ Kd7 27. Ra6 h5 28. b4 h4 29. h3 Kc7 30. b5 Kb7 31. Rxd6 Kc7 32. Rc6+ Kd7 33. b6 Ke7 34. b7 Kd7 35. b8=R Ke7 36. Rb7+ Kd8 37. Rcb6 Kc8 38. d6 Kd8 39. Rh7 Kc8 40. d7+ Kc7 41. Rg6 Kb7 42. d8=R# 1-0

[Event "Junior Online 4NCL Division 4"]
[Site "online"]
[Date "2022.01.20"]
[EventDate "2022.01.20"]
[Round "1.97"]
[White "Edwards, Zachary"]
[WhiteElo "882"]
[WhiteTeam "Surrey Kings 4"]
[Black "Eden, George"]
[BlackElo "900"]
[BlackTeam "Shropshire Juniors"]
[Result "1-0"]
[PlyCount "69"]

1. d4 Nc6 2. Nf3 e5 3. d5 Nce7 4. Nc3 f6 5. e4 Ng6 6. Bc4 N8e7 7. Be3 d6 8. O-O Bg4 9. Bb5+ c6 10. dxc6 bxc6 11. Bc4 Rb8 12. Rb1 Rb7 13. Be2 Qb8 14. Na4 Nc8 15. Bc1 Be7 16. Nd2 Bd7 17. Bg4 c5 18. Bxd7+ Rxd7 19. Qg4 Rb7 20. Nc3 d5 21. Nxd5 Bd6 22. Nc4 Bf8 23. Qe6+ Be7 24. Rd1 Rb6 25. Ndxb6 Nxb6 26. Nxb6 axb6 27. Qc6+ Kf7 28. Rd7 Rc8 29. Qd5+ Ke8 30. Be3 Qa8 31. Ra1 Qa4 32. b3 Qa3 33. Qb7 Qb2 34. Qxc8+ Bd8 35. Qxd8# 1-0

[Event "Junior Online 4NCL Division 4"]
[Site "online"]
[Date "2022.01.20"]
[EventDate "2022.01.20"]
[Round "1.111"]
[White "Nguyen, Khai-Tam"]
[WhiteElo "1588"]
[WhiteTeam "Hilsmark Juniors 1"]
[Black "Vijayadeva, Ishani"]
[BlackElo "1000"]
[BlackTeam "Edgware Gambits H"]
[Result "1-0"]
[PlyCount "65"]

1. e4 e5 2. Nf3 Nf6 3. Nc3 d6 4. d4 exd4 5. Nxd4 Nc6 6. Nxc6 bxc6 7. f3 d5 8. exd5 cxd5 9. Bg5 h6 10. Bxf6 gxf6 11. Nxd5 Bb4+ 12. c3 Bc5 13. Nxf6+ Qxf6 14. Bb5+ c6 15. Qe2+ Be6 16. Bxc6+ Ke7 17. O-O-O Rac8 18. Bb7 Rc7 19. Be4 Bf5 20. Bxf5+ Kf8 21. Bg4 h5 22. Bh3 Qf4+ 23. Kb1 Re7 24. Rd8+ Kg7 25. Rxh8 Kxh8 26. Qc2 Kg8 27. Rd1 Qxh2 28. Bf5 Qg3 29. Bh7+ Kg7 30. a3 Be3 31. Rd8 Bf2 32. Rg8+ Kf6 33. Qf5# 1-0